000 00393nam a2200193Ia 4500
001 11620
003 GE_BSU
008 181216s||||||||xx |||||||||||||| ||und||
040 _cGE_BSU
080 _a821.111-32
100 _aCrichton,Michael.
245 _aNext.
260 _aGreat Britain.
260 _bBCA.
260 _c2006.
300 _a431p;20cm.
653 _aNext.
942 _cBK
999 _c44815
_d44815